000 00627cam a22002053a 4500
001 43481
003 PGUSA
005 20140828084005.0
008 130815s2013||||xxu|||||s|||||000 | eng d
040 _aPGUSA
_beng
042 _adc
100 1 _aFiske, John,
_d1842-1901
245 1 0 _aTobacco and Alcohol :
_bI. It Does Pay to Smoke. II. The Coming Man Will Drink Wine.
_h[electronic resource] /
_cJohn Fiske
260 _bProject Gutenberg,
_c2013
506 _aPublic domain in the USA.
516 _aElectronic text
830 0 _aProject Gutenberg
_v43481
856 4 0 _uhttp://www.gutenberg.org/ebooks/43481
942 _cEB
999 _c272732
_d272732